Snímanie miestnosti v 3D priestore
Salvato in:
| Autore principale: | |
|---|---|
| Altri autori: | |
| Natura: | Manoscritto Libro |
| Lingua: | slovacco |
| Pubblicazione: |
Bratislava :
STU v Bratislave FEI,
2025
|
| Soggetti: | |
| Accesso online: | https://opac.crzp.sk/?fn=detailBiblioFormChildQ1715L2&sid=BA75C2D62745AD5726EC929ED92F&seo=CRZP-detail-kniha |
| Tags: |
Nessun Tag, puoi essere il primo ad aggiungerne!!
|
MARC
| LEADER | 00000ntm a22000003a 4500 | ||
|---|---|---|---|
| 001 | stuzp96656 | ||
| 003 | SK-STU | ||
| 005 | 20260204135131.7 | ||
| 007 | ta | ||
| 008 | 150427s2015----xo-----f-mn---000-0-slo-d | ||
| 040 | |a STU |b slo | ||
| 041 | 0 | |a slo | |
| 044 | |a xo | ||
| 100 | 1 | |a Berčík, Alan |u 037000 |4 aut |U FEI Fakulta elektrotechniky a informatiky |T FEI Ústav multimediálnych informačných a komunikačných technológií |X 115115 |U E070 |Y 818 |7 115115 | |
| 242 | 0 | 1 | |a Capturing Room in 3D Space |y eng |
| 245 | 1 | 0 | |a Snímanie miestnosti v 3D priestore |
| 260 | |a Bratislava : |b STU v Bratislave FEI, |c 2025 | ||
| 300 | |a 49 s. | ||
| 650 | 4 | |a 3D rekonštrukcia |2 slo | |
| 650 | 4 | |a Gaussian Splatting |2 slo | |
| 650 | 4 | |a digitálna reprezentácia priestoru |2 slo | |
| 650 | 4 | |a simulácia kamier |2 slo | |
| 650 | 4 | |a Blender |2 slo | |
| 650 | 4 | |a priestorové snímanie |2 slo | |
| 650 | 4 | |a vizualizácia v reálnom čase |2 slo | |
| 650 | 4 | |a fotogrametria |2 slo | |
| 650 | 4 | |a Point Cloud |2 slo | |
| 650 | 4 | |a inteligentné prostredie |2 slo | |
| 650 | 4 | |a 3D reconstruction |2 eng | |
| 650 | 4 | |a Gaussian Splatting |2 eng | |
| 650 | 4 | |a digital space representation |2 eng | |
| 650 | 4 | |a camera simulation |2 eng | |
| 650 | 4 | |a Blender |2 eng | |
| 650 | 4 | |a spatial sensing |2 eng | |
| 650 | 4 | |a real-time visualization |2 eng | |
| 650 | 4 | |a photogrammetry |2 eng | |
| 650 | 4 | |a Point Cloud |2 eng | |
| 650 | 4 | |a smart environment |2 eng | |
| 700 | 1 | |a Minárik, Ivan |u 037000 |k Z3 |4 ths |U FEI Fakulta elektrotechniky a informatiky |T FEI Ústav multimediálnych informačných a komunikačných technológií |X 12005 |U E070 |Y 818 |7 A000012005 | |
| 856 | 4 | |u https://opac.crzp.sk/?fn=detailBiblioFormChildQ1715L2&sid=BA75C2D62745AD5726EC929ED92F&seo=CRZP-detail-kniha | |